Sino-Russian Economic Cooperation in the Aftermath of Ukrainian Crisis

Definovanie čínsko-ruskej hospodárskej spolupráce a následky ukrajinskej krízy. Výskum je založený na najnovšej literatúre a mal by odpovedať na výskumnú otázku, či sa Rusko a Čína zbližujú a v ktorých oblastiach hospodárstva sa približujú.

Enregistré dans:
Détails bibliographiques
Auteur principal: Schagerl, Christopher, 1984-
Format: Chapitre de livre
Langue:anglais
Sujets:
Tags: Ajouter un tag
Pas de tags, Soyez le premier à ajouter un tag!

MARC

LEADER 00000naa$a2200000$$$4500
001 0302882
005 20240725082001.4
041 0 |a eng 
044 |a SK 
245 1 0 |a Sino-Russian Economic Cooperation in the Aftermath of Ukrainian Crisis  |c Christopher Schagerl 
520 |a Definovanie čínsko-ruskej hospodárskej spolupráce a následky ukrajinskej krízy. Výskum je založený na najnovšej literatúre a mal by odpovedať na výskumnú otázku, či sa Rusko a Čína zbližujú a v ktorých oblastiach hospodárstva sa približujú. 
610 2 0 |a Rusko 
610 2 0 |a Čína 
610 2 0 |a spolupráca cezhraničná 
610 2 0 |a spolupráca hospodárska medzinárodná 
610 2 0 |a spolupráca medzinárodná 
610 2 0 |a Ukrajina 
610 2 0 |a kríza 
100 1 |a Schagerl, Christopher, 1984-